000 00346nam a2200145Ia 4500
008 210210b1981 xxu||||| |||| 00| 0 eng d
082 _a535.58 TARL
100 _aTARASOV (L V).
245 _aLaser age in optics.
260 _aMoscow
_bMir Publishers
_c1981
300 _a206
650 _aLaser Optics
690 _aOptics
906 _aSG01961
999 _c113576
_d113576